000 00924nam a22002657a 4500
001 5516
003 FISKH
005 20241216115138.0
008 241216b cb ||||| |||| 00| 0 eng d
020 _a9780545615440
040 _aFISKH
_beng
_cFISKH
_dFISKH
050 _aDS747.C47
082 _a931
100 _aO'Connor, Jane
245 _aThe emperor's silent army :
_bterracotta warriors of ancient China /
_cby Jane O'Connor
260 _aNew York :
_bScholastic ;
_c2002 .
300 _a48 pages :
_bcolor illustrations ;
_c24 cm .
505 _aZ
520 _aDescribes the archaeological discovery of thousands of life-sized terracotta warrior statues in northern China in 1974, and discusses the emperor who had them created and placed near his tomb.
521 8 _a1040
_bLexile
521 8 _aZ
_bRaz-Plus
650 _aarchaeology
_vNon-fiction
942 _2ddc
_cBK
_n0
999 _c5516
_d5516